000
00254nam a2200097Ia 4500
001
1195258
005
20250827021744.0
008
250824s9999 xx 000 0 und d
245
0
_a
İKİ GENÇ KIZIN ROMANI
_c
PERİHAN MAĞDEN
260
_b
EVEREST YAYINLARI
999
_c
1195258
_d
1195258